000 00528nam a2200169 i 4500
001 73662
003 ES-MaACL
005 20230906171902.0
007 t|
008 040909s1934 sp ||||1| spa d
100 1 _aGómez Mesa, Antonio.
_958046
245 1 0 _aSobre el menor delincuente
_b: (un ensayo psicológico) /
_cAntonio Gómez Mesa ; prólogo de Luis San Martín Adeva.
260 _aMadrid :
_bReus,
_c1934.
300 _a91 p. ;
_c23 cm.
700 1 _aSan Martín Adeva, Luis.
_9102268
852 _aES-MaACL
_j1805-F-7
999 _c73662
_d73662